000 00370nam a2200133Ia 4500
008 151001s9999||||xx |||||||||||||| ||und||
100 _aराकेश इंदूरखा
245 _aपाणी कि बुंद
250 _a1
260 _bनेहा पुस्तक भांडार
260 _c2009
300 _a16
365 _b21
999 _c995133
_d995130